Australian History - Statistics

General Stats
  • This quiz has been taken 76 times
  • The average score is 10 of 15
Answer Stats
Question Answer % Correct
Which European explorer "discovered" the east coast of Australia? James Cook
100%
Canberra is the capital of Australia because of a power struggle between Victoria and New South Wales
94%
Australian and New Zealand forces suffered devasting losses during which WWI battle. Gallipoli
90%
Where did this explorer first land? Botany Bay
84%
What were the biggest goldfield in Victoria? Ballarat and Bendigo
82%
What year did Australia become a federation of states? 1901
78%
Sir Donald Bradman is famous for which sport? Cricket
78%
Where was the biggest mass shooting in modern Australia? Port Arthur
76%
What event is often cited as the birthplace of Australian democracy? Eureka Stockade
61%
What is the name of the historic legal precedent to grant native title to Indigenous Australians? The Mabo decision
60%
Which explorers were the first to cross Australia from south to north but starved to death on the return journey? Burke and Wills
51%
Where were Australian women first granted the right to vote? South Australia
40%
Which famous historic naturalist travelled to Australia? Joseph Banks
37%
What is Sir Douglas Mawson famous for? Exploring Antarctica
34%
How many Japanese air raids were there on Darwin during WWII? 64
10%
No matching quizzes found
Score Distribution
Percent of People with Each Score
Percentile by Number Answered
Your Score History
You have not taken this quiz